000 01128cam a22003134a 4500
001 12032970
005 20160921114244.0
008 000607s2000 iau b 001 0 eng
010 _a 00055449
020 _a0072318783
040 _aDLC
_cDLC
_dDLC
042 _apcc
050 0 0 _aQR41.2
_b.N47 2001
082 0 0 _aDC 579
_22001
_bN37m
245 0 0 _aMicrobiology:
_ba human perspective/
_cEugene W. Nester [and 4 others].
260 _aDubuque, Iowa:
_bMcGraw-Hill,
_cc2001.
300 _axxx, 820 pages:
_billustrations;
_c28 cm.
504 _aIncludes bibliographical references and index.
650 0 _aMicrobiology.
700 1 _aNester, Eugene W.
700 _aAnderson, Dense G.
_915036
_eAuthor
700 _aRoberts, C. Evans, Jr.
_915037
700 _aPearsall, Nancy N.
_915038
700 _aNester, Martha T.
_915039
365 _b3000.00
_cPhp
906 _a7
_bcbc
_corignew
_d1
_eocip
_f20
_gy-gencatlg
942 _2ddc
_cDC
999 _c4735
_d4735